<?xml version="1.0" encoding="UTF-8"?>
<record
    xmlns:xsi="http://www.w3.org/2001/XMLSchema-instance"
    xsi:schemaLocation="http://www.loc.gov/MARC21/slim http://www.loc.gov/standards/marcxml/schema/MARC21slim.xsd"
    xmlns="http://www.loc.gov/MARC21/slim">

  <leader>00580nam a22002057a 4500</leader>
  <controlfield tag="003">NUST</controlfield>
  <controlfield tag="005">20230311160439.0</controlfield>
  <controlfield tag="008">220515b           ||||| |||| 00| 0 eng d</controlfield>
  <datafield tag="038" ind1=" " ind2=" ">
    <subfield code="a">Mian Shaban</subfield>
  </datafield>
  <datafield tag="082" ind1=" " ind2=" ">
    <subfield code="a">BICSE-6</subfield>
    <subfield code="b">MOH</subfield>
  </datafield>
  <datafield tag="100" ind1=" " ind2=" ">
    <subfield code="4">Mohsin Nasir</subfield>
  </datafield>
  <datafield tag="245" ind1=" " ind2=" ">
    <subfield code="a">360&#xB0; Interactive Display</subfield>
    <subfield code="c">Mohsin Nasir and Muhammad Ali</subfield>
  </datafield>
  <datafield tag="260" ind1=" " ind2=" ">
    <subfield code="a">Islamabad</subfield>
    <subfield code="b">NUST- SEECS</subfield>
    <subfield code="c">2012</subfield>
  </datafield>
  <datafield tag="300" ind1=" " ind2=" ">
    <subfield code="a">viii; 22p.</subfield>
    <subfield code="c">27 cm</subfield>
  </datafield>
  <datafield tag="500" ind1=" " ind2=" ">
    <subfield code="a">Dr. Rehan Hafiz</subfield>
  </datafield>
  <datafield tag="563" ind1=" " ind2=" ">
    <subfield code="a">HBP</subfield>
  </datafield>
  <datafield tag="700" ind1=" " ind2=" ">
    <subfield code="a">Dr. Rehan Hafiz</subfield>
    <subfield code="9">19620</subfield>
  </datafield>
  <datafield tag="856" ind1=" " ind2=" ">
    <subfield code="u"> http://10.250.8.41:8080/xmlui/handle/123456789/10677</subfield>
  </datafield>
  <datafield tag="942" ind1=" " ind2=" ">
    <subfield code="2">ddc</subfield>
    <subfield code="c">THE</subfield>
  </datafield>
  <datafield tag="999" ind1=" " ind2=" ">
    <subfield code="c">589691</subfield>
    <subfield code="d">589691</subfield>
  </datafield>
  <datafield tag="952" ind1=" " ind2=" ">
    <subfield code="0">2</subfield>
    <subfield code="1">0</subfield>
    <subfield code="2">ddc</subfield>
    <subfield code="4">0</subfield>
    <subfield code="7">0</subfield>
    <subfield code="a">CL</subfield>
    <subfield code="b">CL</subfield>
    <subfield code="c">THE</subfield>
    <subfield code="d">2022-05-15</subfield>
    <subfield code="o">BICSE-6 MOH</subfield>
    <subfield code="p">SEECSP01159</subfield>
    <subfield code="r">2022-05-15</subfield>
    <subfield code="w">2022-05-15</subfield>
    <subfield code="y">THE</subfield>
  </datafield>
</record>
